Statistics for Countries That Have the Letter A as the 2nd Letter in their Name

Click here to take the quiz!

General Stats

  • This quiz has been taken 172 times
    (76 since last reset)
  • The average score is 37 of 47

Answer Stats

Answer% Correct
Canada
93%
Bahrain
91%
Japan
91%
Latvia
91%
Bahamas
89%
Barbados
89%
Gabon
89%
Qatar
89%
Cameroon
88%
Jamaica
88%
Malaysia
88%
Zambia
88%
Gambia
86%
Laos
86%
Kazakhstan
82%
Madagascar
82%
Mali
82%
Panama
82%
Vatican City
82%
Mauritius
81%
Namibia
81%
Palau
81%
Tajikistan
81%
Haiti
79%
Malawi
79%
Maldives
79%
San Marino
79%
Tanzania
79%
Malta
77%
Mauritania
77%
Nauru
77%
Samoa
77%
Cape Verde
75%
Pakistan
75%
Paraguay
75%
Bangladesh
74%
Papua New Guinea
74%
Cambodia
72%
Saint Kitts and Nevis
72%
Saint Lucia
72%
Taiwan
70%
Saint Vincent and the Grenadines
68%
Sao Tome and Principe
67%
Saudi Arabia
67%
Marshall Islands
65%
Vanuatu
65%
East Timor
56%

Score Distribution

Percentile by Number Answered

Percent of People with Each Score

Your Score History

You have not taken this quiz since the last reset